Computers and intractability: A guide to the theory of NP-Completeness

Guardat en:
Dades bibliogràfiques
Autors principals: Garey, Michael R (Autor), Johnson, David S (Autor)
Format: Llibre
Idioma:anglès
Publicat: Nueva York W. H. Freeman and Company 1979
Edició:27a. ed
Matèries:
Etiquetes: Afegir etiqueta
Sense etiquetes, Sigues el primer a etiquetar aquest registre!

MARC

LEADER 00000nam a2200000 a 4500
001 UCH9459
003 CL-VaPUC
008 100107e19790000US |||||||||||||||||eng|d
020 |a 9780716710448 
082 0 4 |a 519.4  |b GAR  |2 21 
100 0 |a Garey, Michael R  |e author  |9 546565 
700 0 |a Johnson, David S  |e author  |9 546566 
245 1 0 |a Computers and intractability: A guide to the theory of NP-Completeness 
250 |a 27a. ed 
300 |a 338 p 
942 |c BK 
945 |d 20100107 00:00:00  |a dcastane 
260 |a Nueva York  |b W. H. Freeman and Company  |c 1979 
650 7 |a COMPUTADORES ELECTRONICOS DIGITALES  |2 CL-VaPUC  |9 259415 
650 0 |a Algoritmos   |9 260639 
650 0 |a Programación   |9 259316 
583 |a last modification  |c 20100107 00:00:00  |k Rodrigo Vera 
999 |c 339427  |d 339425 
952 |0 0  |1 0  |4 0  |6 519_400000000000000_GAR_1979  |7 0  |8 A  |9 433082  |a BIBING  |b BIBING  |d 2019-11-22  |i 4632974  |o 519.4 GAR 1979  |p 4632974  |r 2025-01-20  |w 2019-11-22  |y BK  |k EII